[Event "Troya op 26th"]
[Site "Canakkale"]
[Date "2018.08.10"]
[Round "8"]
[White "Ozkurt, Deniz"]
[Black "Ulupinar, Furkan"]
[Result "1/2-1/2"]
[WhiteElo "1635"]
[BlackElo "1412"]
[PlyCount "97"]
[EventDate "2018.08.06"]
[EventType "swiss"]
[EventRounds "9"]
[EventCountry "TUR"]
[SourceTitle "EXT 2019"]
[Source "ChessBase"]
[SourceDate "2018.10.10"]
[SourceVersion "1"]
[SourceVersionDate "2018.10.10"]
[SourceQuality "1"]

1. e4 c5 2. Nc3 Nc6 3. f4 g6 4. Nf3 Bg7 5. Bb5 e6 6. Bxc6 bxc6 7. d3 d5 8. e5 Rb8 9. 0-0 Ba6 10. b3 h5 11. Qe1 Bf8 12. Ba3 Bb5 13. Nd1 d4 14. Nf2 Qb6 15. Ne4 Nh6 16. Nf6+ Kd8 17. Ne4 Nf5 18. Kh1 Be7 19. Qd2 Ke8 20. Rae1 Rd8 21. Kg1 Kf8 22. Nfg5 Rd5 23. Nf3 Qa6 24. Qc1 Qb6 25. Nfd2 Qc7 26. Nc4 a5 27. Qd2 a4 28. Rb1 axb3 29. axb3 h4 30. Ra1 g5 31. fxg5 Bxc4 32. bxc4 Rxe5 33. Qf4 Bd6 34. Nxd6 Qxd6 35. Rae1 Rxe1 36. Qxd6+ Nxd6 37. Rxe1 Kg7 38. Bxc5 Nf5 39. Re4 Rd8 40. Kf2 Kg6 41. g4 hxg3+ 42. hxg3 Rd7 43. Kf3 Kxg5 44. g4 Ne3 45. Bxd4 Nxc2 46. Be3+ Kg6 47. Ke2 Nxe3 48. Kxe3 Kg5 49. d4 1/2-1/2

[Event "TUR-chT 1st League"]
[Site "Konya"]
[Date "2017.07.23"]
[Round "9.6"]
[White "Ozkurt, Deniz"]
[Black "Yuksel, Atilla Koksal"]
[Result "0-1"]
[WhiteElo "1493"]
[BlackElo "2091"]
[PlyCount "92"]
[EventDate "2017.07.17"]
[EventType "team-swiss"]
[EventRounds "9"]
[EventCountry "TUR"]
[SourceTitle "EXT 2018"]
[Source "ChessBase"]
[SourceDate "2017.10.13"]
[SourceVersion "1"]
[SourceVersionDate "2017.10.13"]
[SourceQuality "1"]
[WhiteTeam "Karsiyaka Ihtisas"]
[BlackTeam "Ankara Dernegi"]
[WhiteTeamCountry "TUR"]
[BlackTeamCountry "TUR"]

1. d4 d5 2. Nc3 Nf6 3. Bg5 e6 4. e4 dxe4 5. Nxe4 Be7 6. Bxf6 Bxf6 7. Nf3 0-0 8. c3 b6 9. Bd3 Bb7 10. Qe2 Nd7 11. 0-0-0 Be7 12. h4 Nf6 13. Kb1 Bxe4 14. Bxe4 Nxe4 15. Qxe4 Qd5 16. Qc2 Rfe8 17. Ng5 g6 18. Nf3 Qf5 19. h5 Qxc2+ 20. Kxc2 Kg7 21. Ne5 Bd6 22. Nc4 g5 23. Nxd6 cxd6 24. f3 f5 25. g3 Rad8 26. f4 Kf6 27. Rhe1 gxf4 28. gxf4 Rg8 29. Rg1 Rg4 30. Rxg4 fxg4 31. Kd3 Kf5 32. Ke3 g3 33. Kf3 Rg8 34. Rg1 g2 35. c4 Rg4 36. b4 Rxf4+ 37. Ke3 Re4+ 38. Kf3 Rg4 39. Ke3 Rg3+ 40. Kf2 Kf4 41. c5 dxc5 42. dxc5 bxc5 43. bxc5 Rf3+ 44. Ke2 Kg3 45. c6 Rc3 46. Rb1 Rxc6 0-1